000 00514nam a2200217Ia 4500
003 OSt
005 20221005133023.0
006 a|||||r|||| 00| 0
007 ta
008 ORI
024 _a27570
037 _cTextual
040 _aCRL
_cCRL
_bORI
041 _2ORI
_aORI
082 _aO35,1L10w, 1591M9
100 _aPraharaj Rabindra Kumar
_9641952
245 0 _aVemana
260 _c1989
942 _hO35,1L10w, 1591M9
_cTEXL
_2cc
999 _c1065500
_d1065500